000 00453nam a2200145 i 4500
001 87848
003 ES-MaACL
007 t|
008 041223s1941 gw ||||1| ger d
100 1 _aKwasnik, Walter.
_969096
245 1 4 _aDer chemiker als forscher
_b: die grundlagen des chemischen wissens /
_cvon Walter Kwasnik.
260 _aMünchen :
_bOldenbourg,
_c1941.
300 _a250 p., 7 lám. :
_bil. ;
_c21 cm.
852 _aES-MaACL
_jE-5896
_bR.90475
999 _c87848
_d87848